| 000 | 00737cam a2200265 4500 | ||
|---|---|---|---|
| 008 | 090401t1987 xxu||||| |||| 00| 0 eng d | ||
| 020 | _a1870906004 | ||
| 035 | _a(Sirsi) u31060 | ||
| 041 | _aeng | ||
| 050 | _a338.181 | ||
| 100 | _aWood, Derek | ||
| 245 | 4 | _aThe handbook of milk quota compensation : a guide to tenant`s compensation under the Agriculture Act 1986 | |
| 260 |
_aHorsley,Glos _bFarmgate Communications Ltd _c1987 |
||
| 300 | _a35p. ; 30cm. | ||
| 350 | _a12.5 | ||
| 650 | _aCOMPENSATION | ||
| 650 | _aMILK QUOTAS | ||
| 650 |
_aValuation _96273 |
||
| 690 | _aRURAL PRACTICE | ||
| 700 | _aPriday, Christopher | ||
| 700 | _aMoss, Joanne R. | ||
| 700 | _aCarter, David | ||
| 942 | _n0 | ||
| 948 | _c04/03/1997 | ||
| 999 |
_c89546 _d89546 |
||